| 000 | 00376nam a2200157Ia 4500 | ||
|---|---|---|---|
| 005 | 20250423100955.0 | ||
| 008 | 250422s9999 xx 000 0 und d | ||
| 020 | _a9781411405165 / 1411405161 | ||
| 050 | _aJK 274 .S6488/ | ||
| 245 | 0 | _aSparkNotes 101 American government | |
| 260 | _aNew York | ||
| 260 | _bSpark Pub. | ||
| 260 | _c2007 | ||
| 300 | _a440 p | ||
| 942 | _cBK | ||
| 999 |
_c34908 _d34908 |
||